书目信息 |
| 题名: |
建筑装饰材料
|
|
| 作者: | 陈宝璠 编著 | |
| 分册: | ||
| 出版信息: | 北京 中国建材工业出版社 2009.08 |
|
| 页数: | 304页, [4] 页图版 | |
| 开本: | 26cm | |
| 丛书名: | ||
| 单 册: | ||
| 中图分类: | TU56 | |
| 科图分类: | ||
| 主题词: | 建筑材料--jian zhu cai liao--装饰材料--高等学校--教材 | |
| 电子资源: | ||
| ISBN: | 978-7-80227-581-2 | |
| 000 | 00941nam0 2200253 450 | |
| 001 | 012010972992 | |
| 005 | 20100802115745.46 | |
| 010 | @a978-7-80227-581-2@dCNY36.00 | |
| 100 | @a20100802d2009 em y0chiy0120 ea | |
| 101 | 0 | @achi |
| 102 | @aCN@b110000 | |
| 105 | @aaf a 000yy | |
| 106 | @ar | |
| 200 | 1 | @a建筑装饰材料@Ajian zhu zhuang shi cai liao@f陈宝璠编著@Fchen bao fan bian zhu |
| 210 | @a北京@c中国建材工业出版社@d2009.08 | |
| 215 | @a304页, [4] 页图版@c图@d26cm | |
| 300 | @a建筑工程专业教材 | |
| 320 | @a有书目 (第304页) | |
| 330 | @a本书主要内容包括建筑装饰石材、石膏装饰制品、水泥及其装饰制品、金属装饰材料、建筑装饰涂料、建筑装饰塑料制品、建筑室内装饰织物、木质装饰材料、建筑装饰陶瓷、建筑装饰玻璃、建筑室内灯饰等。 | |
| 606 | 0 | @a建筑材料@Ajian zhu cai liao@x装饰材料@x高等学校@j教材 |
| 690 | @aTU56@v4 | |
| 701 | 0 | @a陈宝璠@Achen bao fan@4编著 |
| 801 | 0 | @aCN@bQSSK@c20100802 |
| 905 | @b785780-84@dTU56@eC361@f5 | |
| 建筑装饰材料/陈宝璠编著.-北京:中国建材工业出版社,2009.08 |
| 304页, [4] 页图版:图;26cm |
| 建筑工程专业教材 |
| ISBN 978-7-80227-581-2:CNY36.00 |
| 本书主要内容包括建筑装饰石材、石膏装饰制品、水泥及其装饰制品、金属装饰材料、建筑装饰涂料、建筑装饰塑料制品、建筑室内装饰织物、木质装饰材料、建筑装饰陶瓷、建筑装饰玻璃、建筑室内灯饰等。 |
| ● |
| 相关链接 |
|
|
|
正题名:建筑装饰材料
索取号:TU56/C361
 
预约/预借
| 序号 | 登录号 | 条形码 | 馆藏地/架位号 | 状态 | 备注 |
| 1 | 785780 | 207857808 | 建筑库201/201建筑库 9排2列5层/ [索取号:TU56/C361] | 在馆 | |
| 2 | 785781 | 207857817 | 建筑库201/201建筑库 9排2列5层/ [索取号:TU56/C361] | 在馆 | |
| 3 | 785782 | 207857826 | 建筑库201/201建筑库 9排2列5层/ [索取号:TU56/C361] | 在馆 | |
| 4 | 785783 | 207857835 | 建筑库201/201建筑库 9排2列5层/ [索取号:TU56/C361] | 在馆 | |
| 5 | 785784 | 207857844 | 建筑库201/201建筑库 9排2列5层/ [索取号:TU56/C361] | 在馆 |